The American illustrated medical dictionary : a complete dictionary of the terms used in medicine, surgery, dentistry, pharmacy, chemistry, nursing, veterinary science, biology, medical biography, etc., with the pronunciation, derivation, and definition /

Bibliographic Details
Main Author: Dorland, W. A. Newman (William Alexander Newman), 1864-1956
Other Authors: Miller, Edgar Calvin LeRoy, 1867-
Format: Book
Language:English
Published: Philadelphia ; London : W.B. Saunders Co., 1935.
Edition:Seventeenth edition, revised and enlarged /
Subjects:

MARC

Tag First Indicator Second Indicator Subfields
LEADER 00000cam a2200000 a 4500
001 in00004474021
005 20191202143204.0
008 771108s1935 pauacf d 00010 eng
010 |a  35011350  
035 |a (OCoLC)03401999 
035 |9 AAE1117MS 
035 |z (UtOrBLW)12980 
035 |a 23422 
040 |a DLC  |c HDC  |d TMV  |d UtOrBLW 
049 |a TMVM  |c 1 
050 0 0 |a R121  |b .D73 1935 
059 |l MS/SPEC COL  |t BOOK  |k NON-CIRCULATING  |i 3238900294603  |n NL  |a W 13  |b D711a 1935 
060 4 |a W 13  |b D711a 1935 
100 1 |a Dorland, W. A. Newman  |q (William Alexander Newman),  |d 1864-1956. 
245 1 4 |a The American illustrated medical dictionary :  |b a complete dictionary of the terms used in medicine, surgery, dentistry, pharmacy, chemistry, nursing, veterinary science, biology, medical biography, etc., with the pronunciation, derivation, and definition /  |c by W.A. Newman Dorland. 
250 |a Seventeenth edition, revised and enlarged /  |b with the collaboration of E.C.L. Miller. 
264 1 |a Philadelphia ;  |a London :  |b W.B. Saunders Co.,  |c 1935. 
300 |a 1573 pages, 14 unnumbered leaves of plates :  |b illustrations (some color), portraits ;  |c  23 cm. 
336 |a text  |2 rdacontent  |b txt 
337 |a unmediated  |2 rdamedia 
338 |a volume  |2 rdacarrier  |b nc 
500 |a Title from cover; title page missing. 
650 2 |a Dictionaries, Medical. 
700 1 |a Miller, Edgar Calvin LeRoy,  |d 1867- 
940 |a copy plain 
999 |a MARS 
999 f f |s 1ef72a10-5c0c-3dd6-a4ba-8ae54832a6ba  |i facdecdc-c7a0-391d-b169-05ec7a7413df  |t 0 
952 f f |p noncirc  |a Texas A&M University  |b J.J. Pickle Campus  |c High Density Repository  |d Remote Storage  |t 0  |e W 13 D711a 1935  |h National Library of Medicine classification  |i unmediated -- volume  |m 3238902753177 
998 f f |a W 13 D711a 1935  |t 0  |l Remote Storage